000 00582nam a2200169 i 4500
001 45117
003 ES-MaACL
005 20230906161146.0
007 t|
008 030325s1943 sp ||||1| spa d
100 1 _aClavero Núñez, A. (
_d1903-1962)
_939135
245 1 0 _aMaternología profiláctica
_b: escritos médicos-sociales en torno a la función generativa /
_cpor A. Clavero Núñez.
260 _aMadrid :
_bEditoria Nacional,
_c[1943] (
_fGráficas Yagües)
300 _a461 p. ;
_c22 cm.
852 _aES-MaACL
_jE-1832
_bR.22849
852 _aES-MaACL
_jE-2115
_bR.23239
999 _c45117
_d45117